000
00159nam a22000857a 4500
999
_c
65152
_d
65149
082
_a
297
100
_a
Arthur jeffery
245
_a
A reader on islam
942
_c
BK